| 000 | 02681nam0a2200445 4500 | ||
|---|---|---|---|
| 001 | RU\NLR\bibl\1339634 | ||
| 005 | 20260405185932.0 | ||
| 010 |
_a978-5-89665-185-7 _9300 |
||
| 021 |
_aRU _b2009-565 _933 |
||
| 035 | _a(nilc)RSL-KNO-004225374 | ||
| 035 | _a(NLR Aleph) 001324807 | ||
| 090 |
_a762912 _c762912 |
||
| 100 | _a20090218d2008 |||y0rusy50 ca | ||
| 101 | 0 | _arus | |
| 102 | _aRU | ||
| 105 | _aa ||||||||| | ||
| 200 | 1 |
_aМашиностроение как доминанта в инновационных процессах _fАмосенок Э. П., Бажанов В.А., Веселая Л.С., Соколов А.В. _g[под ред. д.э.н., проф. Г. М. Мкртчяна, к.э.н., доц. В. А. Бажанова] _gРоссийская акад. наук, Сибирское отд-ние, Ин-т экономики и орг. пром. пр-ва |
|
| 210 |
_aНовосибирск _cИзд-во ИЭОПП СО РАН _d2008 |
||
| 215 |
_a155 с. _cил., табл. _d20 |
||
| 300 | _aПосвящается 50-летию Ин-та | ||
| 320 | _aБиблиогр. в подстроч. прим. | ||
| 606 | 1 |
_aМашиностроительная промышленность _xИнновационная деятельность _xУправление _92445459 _3RU\NLR\auth\661454468 |
|
| 610 | 0 | _aЭкономика -- Российская Федерация -- Машиностроительная промышленность. Металлообработка -- Научно-технический прогресс -- Инновации | |
| 610 | 0 | _aЭкономика -- Российская Федерация -- Оборонная промышленность -- Научно-технический прогресс -- Инновации | |
| 686 |
_aУ9(2)305.851.0-551.1,0 _2rubbk |
||
| 686 |
_aУ9(2)305.20-551.1,0 _2rubbk |
||
| 686 | _aУ30(2)585.1-55-21(2Р) | ||
| 686 | _aУ30(0)585.1-55-21 | ||
| 701 | 1 |
_aАмосенок _bЭ. П. _gЭлла Павловна _4070 |
|
| 701 | 1 |
_4070 _8rus _7ca _aБажанов _bВ. А. _gВиктор Андреевич _3RU\NLR\auth\7782167 _965095 |
|
| 701 | 1 |
_aВеселая _bЛ. С. _4070 |
|
| 701 | 1 |
_4070 _8rus _7ca _aСоколов _bА. В. _cканд. экон. наук _gАлександр Витальевич _3RU\NLR\auth\7741890 _924838 |
|
| 702 | 1 |
_4340 _8rus _7ca _aМкртчян _cд-р экон. наук _bГ. М. _f1941- _gГагик Мкртичевич _3RU\NLR\auth\7729308 _912337 |
|
| 801 | 0 |
_aRU _bРКП _c20090218 _grcr |
|
| 801 | 1 |
_aRU _bРГБ _c20090218 |
|
| 801 | 2 |
_aRU _bNLR _c20090312 _grcr |
|
| 830 | _aред. по кн. | ||
| 942 | _cBOOK | ||
| 980 | _aNB | ||